书目信息 |
| 题名: |
房地产法律法规
|
|
| 作者: | 邓青 主编 | |
| 分册: | ||
| 出版信息: | 北京 电子工业出版社 2007 |
|
| 页数: | 121页 | |
| 开本: | 20cm | |
| 丛书名: | ||
| 单 册: | ||
| 中图分类: | D922.181.1 | |
| 科图分类: | ||
| 主题词: | 法律--中国 | |
| 电子资源: | ||
| ISBN: | 7-121-04177-4 | |
| 000 | 00547nam0 2200193 450 | |
| 001 | 1832101651 | |
| 005 | 20181219085606.63 | |
| 010 | @a7-121-04177-4@dCNY14.00 | |
| 100 | @a20181219d2007 km y0chiy0120 ea | |
| 101 | 0 | @achi |
| 102 | @aCN@b110000 | |
| 200 | 1 | @a房地产法律法规@Afang di chan fa lu fa gui@f邓青主编@Fdeng qing zhu bian |
| 210 | @a北京@c电子工业出版社@d2007 | |
| 215 | @a121页@d20cm | |
| 606 | 0 | @a法律@x中国 |
| 690 | @aD922.181.1@v4 | |
| 701 | 0 | @a邓青@Adeng qing@4主编 |
| 801 | 0 | @aCN@bMUSE@c20181219 |
| 905 | @aMUSE@dD922.181.1@eD302 | |
| 房地产法律法规/邓青主编.-北京:电子工业出版社,2007 |
| 121页;20cm |
| ISBN 7-121-04177-4:CNY14.00 |
| ● |
| 相关链接 |
|
|
|
正题名:房地产法律法规
索取号:D922.181.1/D302
 
预约/预借
| 序号 | 登录号 | 条形码 | 馆藏地/架位号 | 状态 | 备注 |
| 1 | 1301311 | 213013111 | 社科库509/509社科库 86排2列1层/ [索取号:D922.181.1/D302] | 在馆 |